000 00378nam a2200157Ia 4500
005 20250423095534.0
008 250422s9999 xx 000 0 und d
020 _a0- 8384- 3971- 3
050 _aPE1128.G6535
100 _aJan Frodesen
245 0 _aGrammar Dimensions book four
260 _bHeinle & Heinle publishers
260 _c1993
300 _a402 p
942 _cBK
999 _c30580
_d30580